| 000 | 01048nas a2200337 4500 | ||
|---|---|---|---|
| 001 | BR7906626 | ||
| 003 | BR-BrBNA | ||
| 005 | 20231205083956.0 | ||
| 007 | ta | ||
| 008 | 230509b bl.|||p| |||| 00| 00por d | ||
| 040 |
_aBR-BrBNA _bpor _cBiblioteca Nacional de Agricultura |
||
| 041 | _a(Pt) | ||
| 072 | _aL30; L36 | ||
| 100 | 1 | _aCosta, L.Z. | |
| 100 | 1 | _aSantos, I.V. | |
| 100 | 1 | _aValenti, P.A. | |
| 100 | 1 | _aSaraiva, H.F. | |
| 245 | 1 | _aAleitamento de terneiros leiteiros com leite integral e um sucedaneo comercial e base de soja [Nutricao animal; Gado holandes; Gado leiteiro] | |
| 650 | _aNutricao animal | ||
| 650 | _aComposicao de alimento | ||
| 650 | _aGado leiteiro | ||
| 650 | _aLeite integral | ||
| 650 | _aSoja | ||
| 650 | _aRacao | ||
| 650 | _aAleitamento | ||
| 650 | _aBezerro | ||
| 650 | _aGado holandes | ||
| 773 | 0 |
_tAnuario Tecnico do Instituto de Pesquisas Zootecnicas Francisco Osorio (Brazil) _x _g(1979), v. 6 p. 155-163 _wBR7906626 |
|
| 909 |
_a202311 _bLúcia _c55 _dLúcia Elande |
||
| 942 |
_2AGRIS _n0 _cANA |
||
| 999 |
_c102359 _d102359 |
||